[Event "Oberbayerische EM Rosenheim"]
[Site "?"]
[Date "2022.07.03"]
[Round "4.12"]
[White "Racky, Selina"]
[Black "Stang, Wolfgang"]
[Result "0-1"]
[WhiteElo "1555"]
[BlackElo "1827"]
[PlyCount "100"]
[EventDate "2022.07.02"]
[SourceVersionDate "2022.07.04"]

1. e4 e5 2. Nf3 Nc6 3. Bc4 Bc5 4. c3 Nf6 5. d3 h6 6. Nbd2 a6 7. Bb3 O-O 8. h3
d6 9. Nf1 Be6 10. g4 Bxb3 11. axb3 Nh7 12. Ng3 Ne7 13. Nh4 Ng6 14. Nhf5 Nh4 15.
Nxh4 Qxh4 16. Qf3 g6 17. Bd2 Kg7 18. O-O-O a5 19. Rdf1 a4 20. Kc2 Qe7 21. b4
Qe6 22. c4 Bd4 23. Ra1 b5 24. Qe2 Qd7 25. Ra3 Ng5 26. f4 exf4 27. Bxf4 Ne6 28.
Be3 c5 29. Bd2 Be5 30. Qf2 Rfb8 31. Bc3 Nd4+ 32. Kd1 bxc4 33. bxc5 dxc5 34. Ne2
Nc6 35. Qxc5 Bxc3 36. Rxc3 Rxb2 37. Nc1 Rc8 38. Qa3 Rb4 39. Kd2 Rcb8 40. Rc2
cxd3 41. Nxd3 Rd4 42. Rc3 Ne5 43. Kc2 Rxe4 44. Rd1 Qb5 45. Rc5 Rc4+ 46. Rxc4
Nxc4 47. Qc3+ Kg8 48. Ra1 Qc6 49. Nb4 Qg2+ 50. Kd3 Rd8+ 0-1

[Event "Oberbayerische EM Rosenheim"]
[Site "?"]
[Date "2022.07.03"]
[Round "5.2"]
[White "Koppen, Harald"]
[Black "Kassner, Sascha"]
[Result "1/2-1/2"]
[WhiteElo "2017"]
[BlackElo "1919"]
[PlyCount "91"]
[EventDate "2022.07.02"]
[SourceVersionDate "2022.07.04"]

1. e4 d5 2. exd5 Nf6 3. Nf3 Nxd5 4. d4 e6 5. c4 Nf6 6. Nc3 c5 7. Bg5 cxd4 8.
Qxd4 Be7 9. Qxd8+ Bxd8 {Remisangebot} 10. Be2 Nc6 11. O-O a6 12. a3 h6 13. Bh4
g5 14. Bg3 g4 15. Ne5 h5 16. Nxc6 bxc6 17. Bd3 Bb7 18. Be5 Rh6 {Remisangebot}
19. Rad1 h4 20. Rd2 Rh5 21. Re1 Be7 22. Bxf6 Bxf6 23. Rxe6+ fxe6 24. Bg6+ Ke7
25. Bxh5 Bxc3 26. bxc3 Rg8 27. Rd4 Rg5 28. Rxg4 Rxh5 29. Rg7+ Kd6 30. Rxb7 Ra5
{Remisangebot} 31. Kf1 Rxa3 32. Ke2 Rxc3 33. Rb4 Kc5 34. Ra4 Rxc4 35. Rxa6 Kd5
36. Kd3 Rb4 37. Kc3 c5 38. Ra8 Rf4 39. Rd8+ Kc6 40. Rc8+ Kd5 41. Rd8+ Ke5 42.
Rd2 Ra4 43. Re2+ Kd5 44. Rd2+ Ke5 45. Re2+ Kd5 46. Rd2+ 1/2-1/2

[Event "Oberbayerische EM Rosenheim"]
[Site "?"]
[Date "2022.07.03"]
[Round "5.3"]
[White "Stichter, Constantin Paul"]
[Black "Kobl, Rudolf"]
[Result "1-0"]
[WhiteElo "1846"]
[BlackElo "2127"]
[PlyCount "113"]
[EventDate "2022.07.02"]
[SourceVersionDate "2022.07.04"]

{[%evp 0,86,19,31,25,-16,-11,3,27,-5,-16,-70,19,-23,-4,6,1,-21,-30,-19,-10,5,5,
-2,-2,-33,10,21,17,41,37,25,37,43,76,24,25,11,100,35,14,-45,-46,10,13,5,5,3,28,
48,48,48,48,32,54,60,47,-2,-1,7,61,59,59,59,38,79,94,72,62,62,62,48,78,57,89,
84,75,64,85,64,64,64,81,81,100,100,166,159,387]} 1. d4 Nf6 2. c4 e6 3. Nc3 Bb4
4. Bg5 c5 5. e3 h6 6. Bh4 cxd4 7. exd4 Nc6 8. Nf3 Qa5 9. Qd3 g5 10. Bg3 Ne4 11.
Rc1 d5 12. Nd2 Bxc3 13. bxc3 Nxg3 14. hxg3 Qxa2 15. Be2 Qa3 16. Rb1 Qe7 17.
cxd5 exd5 18. Nf1 Qe4 19. Qd1 b6 20. f3 Qe6 21. Kf2 O-O 22. Ne3 Qd6 23. Qa4 Kg7
24. Rxb6 axb6 25. Qxa8 Be6 26. Qa6 Ne7 27. Rb1 Rb8 28. Qd3 f5 29. Nc2 h5 30.
Rh1 Rh8 31. Qe3 f4 32. gxf4 gxf4 33. Qe5+ Qxe5 34. dxe5 Nc6 35. Nd4 Nxd4 36.
cxd4 Kg6 37. Rb1 Rb8 38. Bd3+ Kg5 39. Rb2 Bd7 40. Bb5 Bf5 41. Bc6 Be6 42. Rb5
Rd8 {Remisangebot} 43. Rxb6 Kf5 44. Bb5 Bg8 45. Bd3+ Kg5 46. Rg6+ Kh4 47. Rf6
Rb8 48. Rxf4+ Kg5 49. Rf5+ Kh6 50. Rf6+ Kg5 51. f4+ Kh4 52. g3+ Kh3 53. Bf1+
Kh2 54. Be2 Rb3 55. Rf5 Rxg3 56. Rxh5+ Rh3 57. f5 1-0

[Event "Oberbayerische EM Rosenheim"]
[Site "?"]
[Date "2022.07.03"]
[Round "5.4"]
[White "Stocker, Rupert"]
[Black "Donegani, Peter"]
[Result "0-1"]
[WhiteElo "2024"]
[BlackElo "1969"]
[PlyCount "96"]
[EventDate "2022.07.02"]
[SourceVersionDate "2022.07.04"]

1. c4 e5 2. g3 Nf6 3. Bg2 d5 4. cxd5 Nxd5 5. Nc3 Nb6 6. Nf3 Nc6 7. O-O Be7 8.
a3 O-O 9. b4 Be6 10. Rb1 f6 11. d3 a5 12. b5 Nd4 13. Nxd4 exd4 14. Na4 Rb8 15.
Qc2 Nxa4 16. Qxa4 b6 17. Bf4 Bc5 18. Rfc1 Qe7 19. Rc2 Rbd8 20. Rbc1 Qf7 {
Remisangebot} 21. Rxc5 Bb3 22. Rxc7 Bxa4 23. Rxf7 Rxf7 24. Rb1 Re7 25. Kf1 g5
26. Bd2 Re5 27. Bc6 Rc5 28. f4 h6 29. g4 f5 30. h4 fxg4 31. hxg5 hxg5 32. fxg5
Rf8+ 33. Kg2 Rff5 34. g6 Rc2 35. Bh6 Rxe2+ 36. Kg3 Bc2 37. Rf1 Ree5 38. Rc1 Rc5
39. Be4 Rh5 40. Bf4 Bb3 41. Rf1 Rh3+ 42. Kg2 Bd5 43. Be5 Bxe4+ 44. dxe4 Rc2+
45. Kg1 Rf3 46. Rd1 d3 47. Bd4 d2 48. Kg2 Rxa3 0-1

[Event "Oberbayerische EM Rosenheim"]
[Site "?"]
[Date "2022.07.03"]
[Round "5.5"]
[White "Zeindlmeier, Thomas"]
[Black "Höller, Armin"]
[Result "1-0"]
[WhiteElo "1946"]
[BlackElo "2083"]
[PlyCount "59"]
[EventDate "2022.07.02"]
[SourceVersionDate "2022.07.04"]

1. e4 e5 2. Nf3 Nc6 3. d4 exd4 4. Nxd4 Nf6 5. Nxc6 bxc6 6. e5 Qe7 7. Qe2 Nd5 8.
c4 Nb6 9. Nd2 a5 10. b3 Qe6 11. Bb2 g6 12. g3 Bg7 13. Bg2 O-O 14. O-O d5 15.
cxd5 cxd5 16. Rfe1 Ba6 17. Qe3 Nd7 18. Nf3 Qe7 19. Qd2 Bb7 20. Rac1 c6 21. Bh3
Kh8 22. e6 Nf6 23. Ng5 fxe6 24. Nxe6 Rg8 25. Nxg7 Qxg7 26. Re6 Rgf8 27. Qc3 d4
28. Qxd4 c5 29. Qxf6 Rxf6 30. Bxf6 1-0

[Event "Oberbayerische EM Rosenheim"]
[Site "?"]
[Date "2022.07.03"]
[Round "5.6"]
[White "Bergerhoff, Andreas"]
[Black "Frese, Daniel"]
[Result "1/2-1/2"]
[WhiteElo "2002"]
[BlackElo "2011"]
[PlyCount "64"]
[EventDate "2022.07.02"]
[SourceVersionDate "2022.07.04"]

1. e4 e6 2. Nf3 d5 3. e5 c5 4. b4 cxb4 5. a3 bxa3 6. Bxa3 Bxa3 7. Nxa3 Bd7 8.
d4 a6 9. Bd3 Nc6 10. c3 Nge7 11. h4 h6 12. Bc2 Na5 13. Nd2 Nf5 14. h5 Rc8 15.
Rh3 Nc4 16. Naxc4 dxc4 17. g4 Ne7 18. Ne4 Rc6 19. Nd6+ Rxd6 20. exd6 Nc8 21.
Qe2 Qg5 22. Qe5 f6 23. Qxg5 hxg5 24. Kd2 Bc6 25. Re3 Kd7 26. Rae1 Bd5 27. Be4
Bxe4 28. Rxe4 Re8 29. d5 e5 30. Rxc4 Nxd6 31. Ra4 Rc8 32. f3 Rc5 1/2-1/2

[Event "Oberbayerische EM Rosenheim"]
[Site "?"]
[Date "2022.07.03"]
[Round "5.7"]
[White "Gil, Artur"]
[Black "Sandner, Michael"]
[Result "1-0"]
[WhiteElo "1933"]
[BlackElo "2003"]
[PlyCount "47"]
[EventDate "2022.07.02"]
[SourceVersionDate "2022.07.04"]

{[%evp 0,47,19,31,25,21,21,-9,-12,-10,-21,-2,33,17,15,0,36,35,71,68,135,124,
119,164,179,216,227,160,197,124,127,110,150,134,124,120,238,192,176,127,101,-1,
31,21,20,-43,-38,-72,1237,1215]} 1. d4 Nf6 2. Nf3 d5 3. c4 e6 4. g3 dxc4 5. Bg2
a6 6. O-O Nbd7 7. Nc3 c5 8. d5 e5 9. a4 b6 10. Nd2 Bb7 11. Nxc4 Ra7 12. e4 Qb8
13. f4 Bd6 14. Qe2 O-O 15. Kh1 Bc8 16. Be3 Re8 17. h3 Nf8 18. fxe5 Bxe5 19. Bf4
Ng6 20. d6 Bd7 21. Bxe5 Nxe5 22. Rxf6 gxf6 23. Nd5 Qxd6 24. Nxd6 1-0

[Event "Oberbayerische EM Rosenheim"]
[Site "?"]
[Date "2022.07.03"]
[Round "5.8"]
[White "Boos, Michael"]
[Black "Mayr, Günter"]
[Result "1/2-1/2"]
[WhiteElo "1795"]
[BlackElo "1861"]
[PlyCount "32"]
[EventDate "2022.07.02"]
[SourceVersionDate "2022.07.04"]

1. e4 e6 2. d4 d5 3. exd5 exd5 4. Bd3 Bd6 5. Nf3 Ne7 6. Bg5 f6 7. Bh4 Bf5 8. c3
Nd7 9. Bg3 Bxg3 10. hxg3 c6 11. Bxf5 Nxf5 12. Qd3 Qe7+ 13. Kd1 Nd6 14. Re1 Ne4
15. Qe3 O-O-O 16. Nfd2 Rhe8 1/2-1/2

[Event "Oberbayerische EM Rosenheim"]
[Site "?"]
[Date "2022.07.03"]
[Round "5.9"]
[White "Haselbeck, Franz"]
[Black "Gnegel, Boris Igor"]
[Result "0-1"]
[WhiteElo "1864"]
[BlackElo "1944"]
[PlyCount "72"]
[EventDate "2022.07.02"]
[SourceVersionDate "2022.07.04"]

1. Nf3 Nf6 2. g3 g6 3. Bg2 Bg7 4. O-O O-O 5. d3 d5 6. Nbd2 c6 7. e4 dxe4 8.
dxe4 a5 9. a4 Na6 10. Qe2 h6 11. Nc4 Be6 12. Nfe5 Nd7 13. Rd1 Nac5 14. Be3 Qc7
15. Nxd7 Nxd7 16. c3 b5 17. axb5 cxb5 18. Na3 b4 19. cxb4 axb4 20. Rac1 Qa5 {
Remisangebot} 21. Nc4 Qb5 22. b3 Ne5 23. f4 Bg4 24. Qc2 Bxd1 25. Rxd1 Ng4 26.
e5 Nxe3 27. Nxe3 Qb6 28. Qe2 Rad8 29. Rd5 Rxd5 30. Bxd5 e6 31. Bc4 Rd8 32. Kg2
Qc6+ 33. Kh3 Qe4 34. Ng2 Qxe2 35. Bxe2 Rc8 36. Bc4 Rxc4 0-1

[Event "Oberbayerische EM Rosenheim"]
[Site "?"]
[Date "2022.07.03"]
[Round "5.10"]
[White "Sperber, Ulrich"]
[Black "Mazatis, Benjamin"]
[Result "1-0"]
[WhiteElo "1874"]
[BlackElo "1700"]
[PlyCount "59"]
[EventDate "2022.07.02"]
[SourceVersionDate "2022.07.04"]

1. e4 e5 2. f4 exf4 3. Nf3 Nf6 4. e5 Nh5 5. d4 d6 6. Qe2 d5 7. Nc3 Nc6 {
Remisangebot} 8. Bd2 g5 9. Qf2 Bf5 10. O-O-O Nb4 11. Bb5+ c6 12. Ba4 a5 13. a3
Bd7 14. g4 Bxg4 15. Rhg1 Bxf3 16. Qxf3 Ng7 17. Bb3 Na6 18. Nxd5 cxd5 19. Bxd5
Be7 20. Bxf4 Ne6 21. Bxb7 Rb8 22. Bc6+ Kf8 23. Be3 Rg8 24. d5 Bxa3 25. bxa3 Qe7
26. dxe6 Qxa3+ 27. Kd2 Qb4+ 28. Ke2 Qc4+ 29. Ke1 Qc3+ 30. Rd2 1-0

[Event "Oberbayerische EM Rosenheim"]
[Site "?"]
[Date "2022.07.03"]
[Round "5.11"]
[White "Stang, Wolfgang"]
[Black "Niedermaier, Peter"]
[Result "1-0"]
[WhiteElo "1827"]
[BlackElo "1760"]
[PlyCount "83"]
[EventDate "2022.07.02"]
[SourceVersionDate "2022.07.04"]

{[%evp 0,83,21,23,23,-13,37,36,51,48,36,34,45,39,51,30,56,64,37,42,42,37,39,34,
42,38,62,61,66,49,97,61,56,31,82,-301,-306,-310,-224,-238,-238,-232,-232,-267,
-212,-206,-214,-225,-221,-208,-233,-305,-221,-324,-326,-302,-236,-325,-285,
-294,-255,-209,-177,-185,-42,-62,307,304,321,340,274,320,697,642,1167,525,480,
491,541,525,565,453,690,725,756,781]} 1. d4 Nf6 2. c4 g6 3. Nc3 d5 4. cxd5 Nxd5
5. e4 Nxc3 6. bxc3 Bg7 7. Bc4 c5 8. Ne2 cxd4 9. cxd4 Nc6 10. Be3 O-O 11. O-O
Na5 12. Bd3 b6 13. Rc1 e6 14. Qd2 Re8 15. e5 Bb7 16. Ng3 Rc8 17. Bb5 Qd5 18.
Ne4 Qxe4 19. f3 Qd5 20. Bxe8 Rxe8 21. Bg5 Ba6 22. Rfd1 Nc4 23. Qf4 Rc8 24. h4
h5 25. g4 Bb7 26. Kf2 hxg4 27. Qxg4 Qa5 28. Rc2 Qa4 29. Rdc1 b5 30. h5 Qa3 31.
hxg6 Qf8 32. Bf6 Bd5 33. gxf7+ Qxf7 34. Rg1 Rc7 35. Bxg7 Bxf3 36. Qg5 Be4+ 37.
Bf6+ Kf8 38. Qh6+ Ke8 39. Qh8+ Kd7 40. Rxc4 Rxc4 41. Rg7 Qxg7 42. Qxg7+ 1-0

[Event "Oberbayerische EM Rosenheim"]
[Site "?"]
[Date "2022.07.03"]
[Round "5.12"]
[White "Maillinger, Michael"]
[Black "Racky, Selina"]
[Result "1-0"]
[WhiteElo "1704"]
[BlackElo "1555"]
[PlyCount "59"]
[EventDate "2022.07.02"]
[SourceVersionDate "2022.07.04"]

1. e4 e5 2. Nf3 Nc6 3. Bc4 Bc5 4. O-O Nf6 5. d3 h6 6. c3 d6 7. Nbd2 Ne7 8. a4
a6 9. b4 Ba7 10. Qb3 O-O 11. Re1 Ng6 12. Nf1 Qe7 13. Be3 Be6 14. Bxa7 Rxa7 15.
Ng3 Qd7 16. d4 Bxc4 17. Qxc4 Re8 18. a5 Raa8 19. Rad1 exd4 20. Qxd4 Ne5 21.
Nxe5 Rxe5 22. f4 Re6 23. e5 Qe7 24. Nf5 Qe8 25. Nxg7 Kxg7 26. exf6+ Kg6 27. f5+
Kxf5 28. Rf1+ Kg5 29. Qf4+ Kg6 30. Qf5# 1-0